Statistics for Milwaukee Bucks 2010s Top 10 Leaders

Click here to take the quiz!

General Stats

  • This quiz has been taken 22 times
  • The average score is 10 of 21

Answer Stats

Answer % Correct
Giannis Antetokounmpo
100%
Khris Middleton
100%
Eric Bledsoe
94%
Brook Lopez
81%
Malcolm Brogdon
75%
Brandon Jennings
75%
John Henson
63%
Jabari Parker
56%
Andrew Bogut
50%
Brandon Knight
50%
Monta Ellis
44%
Matthew Dellavedova
38%
Ersan Ilyasova
38%
Greg Monroe
31%
Tony Snell
31%
Larry Sanders
31%
Thon Maker
31%
Carlos Delfino
19%
Luke Ridnour
0%
Luc Mbah a Moute
0%
Ekpe Udoh
0%

Score Distribution

Percentile by Number Answered

Percent of People with Each Score

Your Score History

You have not taken this quiz